|
|
|
|
| LEADER |
00629nam a22001697a 4500 |
| 020 |
|
|
|a 0-631-22694-X
|
| 082 |
|
|
|a 415.1
|
| 245 |
|
|
|a The Handbook Of Morphology
|c Edited by Andrew Spencer and Arnold M. Zwicky
|
| 260 |
|
|
|a UK:
|b Blackwell Publishers,
|c 2001.
|
| 300 |
|
|
|a xvi, 815p. :
|
| 490 |
|
|
|a Blackwell Handbooks in Linguistics
|
| 504 |
|
|
|a Includes Bibliographic References and Index.
|
| 650 |
|
|
|a Morphology
|
| 700 |
|
|
|a Spencer, Andrew and Zwicky, Arnold M.
|
| 942 |
|
|
|c BK
|
| 999 |
|
|
|c 299360
|d 299360
|
| 952 |
|
|
|0 0
|1 0
|4 0
|6 415_100000000000000_SPE
|7 0
|8 REF
|9 319594
|a LIN
|b LIN
|d 2020-09-23
|l 0
|o 415.1 SPE
|p LIN8801
|r 2020-09-23
|w 2020-09-23
|y BK
|